Traduction de vocabulaire en anglais - Statistiques

Statistiques générales
  • Ce quiz a été pris 1 014 fois
  • Le résultat moyen est 14 sur 15
Statistiques - réponses
Hint Réponse % Correct
froid cold
98%
film movie
98%
hôpital hospital
97%
lumière light
97%
citron lemon
93%
rue street
93%
cerise cherry
92%
singe monkey
92%
forêt forest
91%
route road
89%
lapin rabbit
88%
bague ring
87%
bois wood
85%
pont bridge
79%
poire pear
78%
Aucun quiz correspondant
Distribution des résultats
% des personnes avec chaque résultat
Percentile par nombre de réponses
Votre historique - résultats
Vous n’avez pas pris ce quiz